Sopa de letras [juego] /
Guardado en:
| Formato: | Objeto Físico |
|---|---|
| Publicado: |
Argentina :
Fachal y Gomez,
[20??]
|
| Materias: | |
| Etiquetas: |
Agregar Etiqueta
Sin Etiquetas, Sea el primero en etiquetar este registro!
|
| LEADER | 00715nrm a22001575g 4500 | ||
|---|---|---|---|
| 001 | CEM.cems019377 | ||
| 008 | 130507b20??##################0###0#####d | ||
| 005 | 20220830170639.0 | ||
| 245 | 0 | 0 | |a Sopa de letras [juego] / |c Impl©Łs. |
| 260 | |a Argentina : |b Fachal y Gomez, |c [20??] | ||
| 300 | |a 1 juego (4 tableros, 64 fichas pl©Łsticas-letras, 1 dado, 4 tarjetas-men©ð de puntos) ; en caja 27 x 19 x 4 cm. | ||
| 490 | |n Educativa / Impl©Ł | ||
| 500 | |a Para 2 a 4 participantes A partir de 8 a©łos objetivo: formar palabras y sumar puntos tratando de que sea ocho el n©ðmero de letras | ||
| 082 | |a J793.73 | ||
| 653 | |a 1. juegos de formaci©đn de palabra | ||
| 859 | |a CEMS |b BIB. CEMS - Ludoteca |h J793.734 |i I7 |p 326.06 |t Ej. | ||
